000 00477nam a2200181Ia 4500
005 20250326125204.0
008 250326s9999 xx 000 0 und d
037 _aTextbook
040 _aFMSL
_beng
_cFMSL
041 _aeng
_2eng
084 _aX3 K5
_qFMSL
100 _aAwasthy G C
_949933
245 0 _aBroadasting in India
_cAwasthy G C
260 _aNew Delhi
_bNew Delhi, Allied
_c1965
300 _a268p
942 _cTB
_hX3 K5
999 _c1276928
_d1276928